The Folklore of Weddings and Marriage : Traditional Belifs, Customs, Superstitions, Charms and Omens of Marriage and Marriage Ceremonies /
Compilación ilustrada de citas que resumen las supersticiones, mitos, etc. que se relacionan con la preparación de los novios para contraer matrimonio religioso, tales como cuestiones de buena y mala suerte. En cada caso, se explica el origen de estas creencias en el ámbito de la cultura occidental.
Gorde:
| Egile nagusia: | |
|---|---|
| Beste egile batzuk: | |
| Formatua: | Liburua |
| Hizkuntza: | ingelesa |
| Argitaratua: |
Nueva York, EUA :
Amiercan Heritage,
1970, c1970
|
| Gaiak: | |
| Etiketak: |
Etiketarik gabe, Izan zaitez lehena erregistro honi etiketa jartzen!
|
MARC
| LEADER | 00000nam^a2200000^a^4500 | ||
|---|---|---|---|
| 001 | 000185873 | ||
| 005 | 20250521000000.0 | ||
| 009 | 20260310102205.734 | ||
| 037 | |a Acervo ITESO - Biblioteca | ||
| 041 | |a ING | ||
| 082 | |a 392. 5 |b EMR | ||
| 100 | |a Emrich, Duncan |e (selec. y ed.) | ||
| 245 | 1 | 4 | |a The Folklore of Weddings and Marriage : |b Traditional Belifs, Customs, Superstitions, Charms and Omens of Marriage and Marriage Ceremonies / |c Selec. y ed. de D. Emrich ; il. de T. de Paola. |
| 264 | 4 | |a Nueva York, EUA : |b Amiercan Heritage, |c 1970, c1970 | |
| 300 | |a 51 p. | ||
| 336 | |a texto |b txt |2 rdacontenido | ||
| 337 | |a sin mediación |b n |2 rdamedio | ||
| 338 | |a volumen |b nc |2 rdasoporte | ||
| 520 | |a Compilación ilustrada de citas que resumen las supersticiones, mitos, etc. que se relacionan con la preparación de los novios para contraer matrimonio religioso, tales como cuestiones de buena y mala suerte. En cada caso, se explica el origen de estas creencias en el ámbito de la cultura occidental. | ||
| 649 | |a XX | ||
| 650 | |a Ritos Nupciales - |x Citas, Máximas, etc. - |x Tema Principal | ||
| 650 | |a Bodas | ||
| 650 | |a Ritos Religiosos | ||
| 650 | |a Fiestas de Vida Cotidiana | ||
| 650 | |a Cortejo y Seducción | ||
| 650 | |a Noviazgo | ||
| 650 | |a Matrimonio | ||
| 650 | |a Relaciones de Pareja | ||
| 650 | |a Relaciones Intergénero | ||
| 650 | |a Oráculos | ||
| 650 | |a Superstición | ||
| 650 | |a Folklore | ||
| 650 | |a Prácticas Culturales | ||
| 650 | |a Sociología de la Cultura | ||
| 700 | |a Paola, Tomie de |e (ilustración) | ||
| 910 | |a Fondo General | ||
| 920 | |a Impresos - Libros | ||
| 930 | |a Colección General | ||
| 905 | |a 101 | ||
| 901 | |a 0500127075 |b IT1 |c ACC |u 20250521 | ||
| 902 | |a https://opac.biblio.iteso.mx/vufind/Record/000185873 | ||